|
|
|
|
| LEADER |
00957nam a22002417a 4500 |
| 001 |
38457 |
| 003 |
BD-DhAAL |
| 008 |
220427t2010 bg ||||| |||| 00| 0 ben d |
| 999 |
|
|
|c 44150
|d 44150
|
| 020 |
|
|
|a 984868574X
|
| 040 |
|
|
|a BD-DhAAL
|c BD-DhAAL
|
| 041 |
|
|
|a ben
|
| 082 |
|
|
|a 330.9095492
|2 23
|
| 100 |
|
|
|a রশীদ, মামুন
|9 48292
|
| 245 |
|
|
|a এগিয়ে যাওয়ার অর্থনীতি /
|c মামুন রশীদ
|
| 246 |
|
|
|a Ageay jayar orthonity
|
| 300 |
|
|
|a ১৩৪ পৃষ্ঠা ;
|c ২২ সে.মি.
|
| 541 |
|
|
|a Donated By Akbar Ali Khan
|e 38457
|
| 650 |
|
|
|a Economic history.
|9 48293
|
| 651 |
|
|
|a Bangladesh
|x Economic conditions.
|9 48294
|
| 852 |
|
|
|a Ayesha Abed Library
|c Akbar Ali Khan Collection
|
| 942 |
|
|
|2 ddc
|c BK
|
| 952 |
|
|
|0 0
|1 0
|2 ddc
|4 0
|6 330_909549200000000_RAS
|7 1
|9 70573
|a BRACUL
|b BRACUL
|c AAKC
|d 2022-04-27
|e Donated by Akbar Ali Khan
|l 0
|o 330.9095492 RAS
|p 3010038457
|r 2022-04-27
|t 1
|w 2022-04-27
|y BK
|